| 000 | 00574 a2200157 4500 | ||
|---|---|---|---|
| 003 | Nust | ||
| 005 | 20170207153502.0 | ||
| 040 | _cNust | ||
| 082 | _a954 | ||
| 245 |
_aFrontier and Overseas Expeditions From India _cW malleson |
||
| 260 |
_aIndia _bSP Govt Printing India _c1980 |
||
| 300 | _a48:p | ||
| 505 | _aEvents Leading to the Expedition (Page-1) Commencement of Operation to Establishment (Page-9) Punitive Measures in Bazaar Valley (Page-14) Overtures for Settlement to Withdrawal of Troops (Page-18) | ||
| 538 | _aAlmirah No.62 Shelf No.3 | ||
| 650 | _aIndia Expeditions | ||
| 942 |
_2ddc _cBK |
||
| 999 |
_c187366 _d187366 |
||